Capitals Of Countries That Begin With 'D' - Statistics

General Stats
  • This quiz has been taken 10 times
  • The average score is 4 of 5
Answer Stats
Picture Answer % Correct
Copenhagen(Denmark)
100%
Santo Domingo(Dominican Republic)
100%
Djibouti(Djibouti)
88%
Kinshasa(DRCongo)
75%
Roseau(Dominica)
63%
No matching quizzes found
Score Distribution
Percent of People with Each Score
Percentile by Number Answered
Your Score History
You have not taken this quiz